|
|
|
|
| LEADER |
00000ckm a2200000 a 4500 |
| 001 |
vtls010694836 |
| 003 |
SK-MaSNL |
| 005 |
20260512123337.0 |
| 007 |
kp ho |
| 008 |
240703q1920 xo g 00 kuslo |
| 015 |
|
|
|a SNBG
|
| 035 |
|
|
|a 47B29197-DBDC-4194-AB32-AB7E512A270D
|
| 035 |
|
|
|a urn:nbn:sk:snk-kmxz1j
|
| 035 |
|
|
|a urn:nbn:sk:snk-km0055q7
|
| 040 |
|
|
|a SNK
|b slo
|c SNK
|e AACR2
|
| 041 |
0 |
|
|a slo
|
| 043 |
|
|
|a e-xo---
|
| 044 |
|
|
|a xo
|c SK
|
| 072 |
|
7 |
|a 913
|x Regionálna geografia
|2 konspekt
|
| 080 |
|
|
|a 908(437.6)
|2 2001
|
| 080 |
|
|
|a (084.121)
|2 2001
|
| 080 |
|
|
|a 911.375
|2 2001
|
| 080 |
|
|
|a 913(437.6)
|2 2011
|
| 080 |
|
|
|a 721
|2 2011
|
| 080 |
|
|
|a 711.73
|2 2011
|
| 080 |
|
|
|a (084.121)
|2 2011
|
| 245 |
0 |
0 |
|a Baňská Bystrica
|h grafika
|
| 246 |
3 |
3 |
|a Banská Bystrica
|
| 260 |
|
|
|a Prague
|b Monopol
|c [medzi 1920 a 1942?]
|
| 300 |
|
|
|a 1 pohľadnica
|b kolorovaná
|c 9 x 14 cm
|
| 500 |
|
|
|a Názvové údaje prevzaté z obrazovej časti pohľadnice
|
| 520 |
8 |
|
|a Zobrazenie: Pohľad na ulicu, ktorá sa rozdvojuje a v mieste rozdojenia je budova, pred ktorou sú stromy, ohradené múrikom so zábradlím. Ulica vpravo je lemovaná po oboch stranách domami a sprava radom stromov. Ulica vľavo je po oboch stranách lemovaná domami a zľava radom stromov
|
| 650 |
0 |
7 |
|a budovy
|2 SNKPH
|9 1283
|
| 650 |
0 |
7 |
|a ulice
|2 SNKPH
|9 2938
|
| 651 |
|
7 |
|a Banská Bystrica (Slovensko)
|2 SNKPHgeo
|9 22015
|
| 655 |
|
7 |
|a miestne pohľadnice
|2 SNKPH
|9 70510
|
| 752 |
|
|
|a Česko
|d Praha
|
| 852 |
|
|
|a Slovenská národná knižnica
|
| 958 |
|
|
|a EUIPO
|
| 958 |
|
|
|a GBN
|
| 958 |
|
|
|a GC
|
| 958 |
|
|
|a OND
|
| 999 |
|
|
|c 756404
|d 758334
|
| 952 |
|
|
|a SNK
|b SNK
|y PREZ
|7 0
|p 17A0700957
|o snkSP 2264
|z Pohľadnica prešla poštou. ; ; Pohľadnicu písala Terézia Vansová
|0 0
|1 0
|4 0
|d 2015-07-24
|f 1
|l 0
|r 2026-02-23 23:49:14
|w 2026-02-23
|